000 00349nam a22001451a 4500
082 _aH2
_bAGH/S
100 _aAgha Hashra Kashmiri
245 _aSilver king/
_cby Agha Hashra Kashmiri
260 _aNew Delhi:
_bDeepu Books,
_c2009.
300 _a120p.
650 _aDrama Hindi
650 _aLiterature Hindi
650 _aLiterature
942 _cBK
999 _c42104
_d42104